书目信息 |
| 题名: |
晚清小说史
|
|
| 作者: | 钱杏邨 著 | |
| 分册: | ||
| 出版信息: | 北京 人民文学出版社 1980 |
|
| 页数: | 192页 | |
| 开本: | 21cm | |
| 丛书名: | ||
| 单 册: | ||
| 中图分类: | I207.409 | |
| 科图分类: | ||
| 主题词: | 小说史--中国--清代 | |
| 电子资源: | ||
| ISBN: | 10019.3014 | |
| 000 | 00658nam0 2200241 450 | |
| 001 | 0180008685 | |
| 005 | 20100712215850.0 | |
| 010 | @a10019.3014@dCNY0.59 | |
| 091 | @a10019.3014 | |
| 100 | @a19950623d1980 emky0chiy0110 ea | |
| 101 | 0 | @achi |
| 102 | @aCN@b110000 | |
| 105 | @ac z 000yy | |
| 106 | @ar | |
| 200 | 1 | @a晚清小说史@9Wan Qing Xiao Shuo;Yue;Shui Shi @f阿英著 |
| 205 | @a新1版 | |
| 210 | @a北京@c人民文学出版社@d1980 | |
| 215 | @a192页@c照片@d21cm | |
| 606 | 0 | @a小说史@y中国@z清代 |
| 690 | @aI207.409@v3 | |
| 701 | 0 | @a钱杏邨@9qian xing cun@f(1902~1977)@4著 |
| 801 | 0 | @aCN@bAzMarc@c20130904 |
| 905 | @aBZT@dI207.40@e1@f4@sI207.40/1 | |
| 晚清小说史/阿英著.-新1版.-北京:人民文学出版社,1980 |
| 192页:照片;21cm |
| ISBN 10019.3014:CNY0.59 |
| ● |
| 相关链接 |
|
|
|
正题名:晚清小说史
索取号:I207.40/1
 
预约/预借
| 序号 | 登录号 | 条形码 | 馆藏地/架位号 | 状态 | 备注 |
| 1 | 2000045388 | 2000045388 | 旧书回溯/ [索取号:I207.40/1] | 在馆 | |
| 2 | 2000045390 | 2000045390 | 旧书回溯/ [索取号:I207.40/1] | 在馆 | |
| 3 | 2000087729 | 2000087729 | 旧书回溯/ [索取号:I207.40/1] | 在馆 | |
| 4 | 2000118376 | 2000118376 | 旧书回溯/ [索取号:I207.40/1] | 在馆 |